| 000 | 00841nam a2200253 a 4500 | ||
|---|---|---|---|
| 001 | 000046750 | ||
| 005 | 20240604194808.0 | ||
| 008 | 150817s2017 dr 000 0 spa d | ||
| 020 | _a9789945590081 | ||
| 040 |
_aDO-SdBNP _bspa _cBNPHU |
||
| 082 |
_a300.97293 _bM385c |
||
| 100 | 1 |
_aMartínez Achecar, Pamela _974688 |
|
| 245 | 1 | 0 |
_aClub de debate : _bguía para su conformación / _cPamela Martínez Achecar. |
| 260 |
_aSanto Domingo : _bFUNGLODE, _c2017. |
||
| 300 |
_a79 p. : ; _c23 cm. |
||
| 490 | 1 | _aDemocracia | |
| 490 | 1 | _aSociedad dominicana de debate | |
| 590 | _aInventariado, 2018/ YL | ||
| 650 | 0 | 0 |
_aCiencias sociales _91065 |
| 650 | 0 | 4 |
_aSociedad dominicana de debate _974689 |
| 710 | 2 |
_aFundación Global Democracía y Desarrollo _925477 |
|
| 830 | 0 |
_aDemocracia _933472 |
|
| 830 | 0 |
_aSociedad dominicana de debate _974690 |
|
| 999 |
_c46239 _d46239 |
||